[Event "Budapest"]
[Site "?"]
[Date "1993.??.??"]
[Round "?"]
[White "Lukacs, P."]
[Black "Loginov, V."]
[Result "1-0"]
[WhiteElo "2480"]
[BlackElo "2505"]
[PlyCount "75"]
[EventDate "1993.??.??"]
[Source "ChessBase"]
[SourceDate "1993.02.01"]

1. d4 Nf6 2. c4 g6 3. Nc3 Bg7 4. e4 d6 5. Nf3 O-O 6. Be2 e5 7. O-O Nc6 8. d5
Ne7 9. Ne1 Nd7 10. f3 f5 11. g4 Nf6 12. Nd3 c6 13. Be3 Kh8 14. h3 b5 15. Nb4
Bb7 16. dxc6 Nxc6 17. Nxc6 Bxc6 18. cxb5 Bb7 19. Bc4 fxe4 20. fxe4 Qc8 21. Bb3
Qd7 22. Bc2 h5 23. Qe1 d5 24. exd5 e4 25. Qh4 Nxd5 26. gxh5 g5 27. Qxe4 Nf6 28.
Qf5 Qxf5 29. Rxf5 Rfe8 30. h6 Rxe3 31. hxg7+ Kxg7 32. Rxg5+ Kh8 33. Rf1 Ne4 34.
Nxe4 Bxe4 35. Bxe4 Rxe4 36. Rf6 Kh7 37. Ra6 Re2 38. Rg2 1-0

[Event "New York"]
[Site "?"]
[Date "1993.??.??"]
[Round "?"]
[White "Lesiege, A."]
[Black "Fedorowicz, J."]
[Result "0-1"]
[WhiteElo "2505"]
[BlackElo "2535"]
[PlyCount "90"]
[EventDate "1993.??.??"]
[Source "ChessBase"]
[SourceDate "1993.06.01"]

1. d4 Nf6 2. c4 g6 3. Nc3 Bg7 4. e4 d6 5. Nf3 O-O 6. Be2 e5 7. O-O Nc6 8. d5
Ne7 9. Ne1 Nd7 10. f3 f5 11. g4 Kh8 12. Be3 Ng8 13. Ng2 f4 14. Bf2 h5 15. g5
Qxg5 16. Bh4 Qh6 17. Nb5 g5 18. Bf2 Ndf6 19. Nxc7 Bh3 20. Nxa8 Rxa8 21. Kh1 h4
22. c5 Nh5 23. Kg1 Ng3 24. cxd6 Nf6 25. Be1 g4 26. Qd3 Nxf1 27. Bxf1 gxf3 28.
Nxh4 Bxf1 29. Qxf1 Nxe4 30. Qxf3 Nxd6 31. Kh1 Bf6 32. Bb4 Bxh4 33. Bxd6 Qxd6
34. Qh5+ Kg7 35. Rg1+ Bg3 36. hxg3 Qxd5+ 37. Kh2 f3 38. Qg5+ Kf7 39. Qf5+ Ke7
40. Qh7+ Kd6 41. Qh6+ Kc5 42. b4+ Kxb4 43. Rb1+ Ka4 44. Rb2 e4 45. Rd2 Qe5 0-1

[Event "Manila ol (Men)"]
[Site "Manila PHI"]
[Date "1992.??.??"]
[Round "?"]
[White "Barle, Janez"]
[Black "Egger, Jorge"]
[Result "1/2-1/2"]
[WhiteElo "2430"]
[BlackElo "2355"]
[PlyCount "163"]
[EventDate "1992.06.??"]
[Source "www.chesslib.no"]
[SourceDate "2004.05.04"]

1. Nf3 Nf6 2. c4 g6 3. Nc3 Bg7 4. e4 d6 5. d4 O-O 6. Be2 e5 7. O-O Nc6 8. d5
Ne7 9. Ne1 Nd7 10. f3 f5 11. g4 Kh8 12. Bd2 Ng8 13. Ng2 a5 14. h4 Nc5 15. g5 h6
16. Kh2 f4 17. Rg1 Rf7 18. Qe1 hxg5 19. hxg5 Bf6 20. Rh1 Rh7+ 21. Kg1 Rxh1+ 22.
Kxh1 Bxg5 23. Qg1 Kg7 24. Qh2 Bd7 25. Kg1 c6 26. Kf2 Qb6 27. Ke1 Nf6 28. Kd1
Rh8 29. Qg1 Nh5 30. Kc2 Ng3 31. Qf2 Rh2 32. Qg1 Rh1 33. Qxh1 Nxh1 34. Rxh1 Na6
35. Ne1 Qf2 36. Kd1 Bd8 37. b3 Bb6 38. Na4 Bd8 39. Nb2 Qa7 40. Nbd3 Bb6 41. Nc2
Nc7 42. Bc3 cxd5 43. exd5 Kg8 44. Nxf4 exf4 45. Rh8+ Kf7 46. Rh7+ Ke8 47. Bd3
Bf5 48. Rh8+ Ke7 49. Rh7+ Kd8 50. Rh8+ Ne8 51. Bf6+ Kd7 52. Bxf5+ gxf5 53. Rh7+
Ng7 54. Bxg7 Ke8 55. Bc3 Bf2 56. Rh5 Qc5 57. Rxf5 Bg3 58. Bd4 Qc8 59. Rh5 Kf7
60. Rh6 Qd8 61. Na3 Qg5 62. Rf6+ Kg8 63. Rxd6 Qh5 64. Nc2 Qxf3+ 65. Kc1 Bf2 66.
Bxf2 Qxf2 67. Re6 Kf7 68. Re4 f3 69. d6 Qg1+ 70. Kb2 f2 71. d7 f1=Q 72. d8=Q
Qc1+ 73. Kc3 Qg3+ 74. Qd3 Qxd3+ 75. Kxd3 Qb2 76. Rd4 Ke8 77. Rd5 Qxa2 78. Rb5
Qb2 79. Nd4 b6 80. Rxb6 a4 81. Re6+ Kd7 82. bxa4 1/2-1/2

[Event "Budapest Statisztika IM"]
[Site "Budapest HUN"]
[Date "1992.??.??"]
[Round "6"]
[White "Kiss, Pal"]
[Black "Hansen, Lars Bo"]
[Result "1-0"]
[WhiteElo "2410"]
[BlackElo "2510"]
[PlyCount "81"]
[EventDate "1992.??.??"]
[Source "www.chesslib.no"]
[SourceDate "2004.05.04"]

1. d4 Nf6 2. c4 g6 3. Nc3 Bg7 4. e4 d6 5. Nf3 O-O 6. Be2 e5 7. O-O Nc6 8. d5
Ne7 9. Ne1 Nd7 10. f3 f5 11. g4 Kh8 12. Kh1 Ng8 13. Rg1 a6 14. Nd3 Ndf6 15. Be3
Ne8 16. c5 Bh6 17. Bf2 fxg4 18. fxg4 Bg5 19. Qe1 Kg7 20. h4 Be7 21. g5 Bd7 22.
Bg4 Bxg4 23. Rxg4 Qd7 24. Rg3 Kh8 25. Qe2 Ng7 26. Qg4 Qxg4 27. Rxg4 Rf3 28. Rg3
Raf8 29. Rxf3 Rxf3 30. Rd1 Nh5 31. Ne2 h6 32. Kg2 Rf8 33. Be3 hxg5 34. hxg5 Kg7
35. Rc1 Rf7 36. Rc3 Rf8 37. Rb3 Rb8 38. cxd6 Bxd6 39. Ba7 Re8 40. Rxb7 Ne7 41.
Nc5 1-0

[Event "Odorheiu Secuiesc"]
[Site "Odorheiu Secuiesc"]
[Date "1992.??.??"]
[Round "?"]
[White "Kiss, Pal"]
[Black "Ardeleanu, Alin"]
[Result "0-1"]
[WhiteElo "2410"]
[BlackElo "2350"]
[PlyCount "76"]
[EventDate "1992.??.??"]
[Source "www.chesslib.no"]
[SourceDate "2004.05.04"]

1. d4 Nf6 2. c4 g6 3. Nc3 Bg7 4. e4 d6 5. Nf3 O-O 6. Be2 e5 7. O-O Nc6 8. d5
Ne7 9. Ne1 Nd7 10. f3 f5 11. g4 Kh8 12. Bd2 a5 13. Nd3 c6 14. Kg2 Nf6 15. Nf2
b5 16. b3 b4 17. Na4 c5 18. h4 Neg8 19. Rh1 h5 20. exf5 gxf5 21. g5 Ra7 22.
gxf6 Bxf6 23. f4 Rg7+ 24. Kf1 e4 25. Nh3 Bd4 26. Ng5 Nf6 27. Rb1 Ng4 28. Bxg4
fxg4 29. Qc1 g3 30. Be3 g2+ 31. Kxg2 Qd7 32. Kf1 Qg4 33. Rb2 Rxg5 34. Bxd4+
cxd4 35. hxg5 Rxf4+ 36. Rf2 e3 37. Rhh2 e2+ 38. Ke1 Qg1+ 0-1

[Event "Odorheiu Secuiesc"]
[Site "Odorheiu Secuiesc"]
[Date "1992.??.??"]
[Round "?"]
[White "Kiss, Pal"]
[Black "Badea, Bela"]
[Result "1/2-1/2"]
[WhiteElo "2410"]
[BlackElo "2395"]
[PlyCount "28"]
[EventDate "1992.??.??"]
[Source "www.chesslib.no"]
[SourceDate "2004.05.04"]

1. d4 Nf6 2. c4 g6 3. Nc3 Bg7 4. e4 d6 5. Nf3 O-O 6. Be2 e5 7. O-O Nc6 8. d5
Ne7 9. Ne1 Nd7 10. f3 f5 11. g4 Kh8 12. Kh1 Ng8 13. Rg1 fxg4 14. fxg4 g5
1/2-1/2

[Event "Odorheiu Secuiesc"]
[Site "Odorheiu Secuiesc"]
[Date "1992.??.??"]
[Round "?"]
[White "Kiss, Pal"]
[Black "Grigore, George"]
[Result "0-1"]
[WhiteElo "2410"]
[BlackElo "2430"]
[PlyCount "80"]
[EventDate "1992.??.??"]
[Source "www.chesslib.no"]
[SourceDate "2004.05.04"]

1. d4 Nf6 2. c4 g6 3. Nc3 Bg7 4. e4 d6 5. Nf3 O-O 6. Be2 e5 7. O-O Nc6 8. d5
Ne7 9. Ne1 Nd7 10. f3 f5 11. g4 Nf6 12. Nd3 h6 13. h4 c6 14. Be3 fxg4 15. fxg4
h5 16. g5 Ng4 17. Bxg4 Bxg4 18. Rxf8+ Qxf8 19. Qf1 Qd8 20. Nf2 Bd7 21. b4 cxd5
22. cxd5 a6 23. a4 Nc8 24. a5 Na7 25. Rc1 Nb5 26. Bb6 Qe8 27. Nxb5 Bxb5 28. Qh3
Bd7 29. Qe3 Rc8 30. Rc7 Bf8 31. Rxb7 Rc4 32. Kg2 Qc8 33. Ra7 Rc3 34. Qd2 Bb5
35. Ra8 Qc4 36. Kh2 Rc1 37. Qe3 Rc3 38. Qd2 Rf3 39. Kg2 Rf4 40. Kg3 Qf1 0-1

[Event "JUG Ch"]
[Site "Kladovo"]
[Date "1991.??.??"]
[Round "3"]
[White "Dzevlan, Miralem"]
[Black "Popovic, Petar"]
[Result "1/2-1/2"]
[WhiteElo "2405"]
[BlackElo "2510"]
[PlyCount "120"]
[EventDate "1991.02.??"]
[Source "www.chesslib.no"]
[SourceDate "2004.05.04"]

1. d4 Nf6 2. c4 g6 3. Nc3 Bg7 4. e4 d6 5. Nf3 O-O 6. Be2 e5 7. O-O Nc6 8. d5
Ne7 9. Ne1 Nd7 10. f3 f5 11. g4 Kh8 12. Nd3 Ng8 13. Kh1 c5 14. a3 Ndf6 15. Rg1
b6 16. Bd2 Rb8 17. b4 Rb7 18. Rb1 Rbf7 19. bxc5 bxc5 20. Qe1 Nd7 21. Nc1 fxg4
22. fxg4 h6 23. Nb3 a6 24. g5 hxg5 25. Bxg5 Bf6 26. Be3 Bh4 27. Qd2 Kh7 28. Rg2
Ndf6 29. Rbg1 Ne7 30. Bg5 Bxg5 31. Rxg5 Kh8 32. Qe3 Rh7 33. R5g3 Nh5 34. Bxh5
Rxh5 35. Nd2 Qe8 36. Nf3 Qf7 37. Ne2 Qh7 38. R1g2 Qf7 39. Rf2 Bd7 40. Kg1 Kg7
41. Rgg2 Qe8 42. Ng5 Rhh8 43. Qb3 Qd8 44. Qb7 Bc8 45. Ne6+ Bxe6 46. dxe6 Rxf2
47. Rxf2 Rf8 48. Rxf8 Kxf8 49. Qxa6 Kg7 50. a4 Kf6 51. a5 Kxe6 52. Qb5 Qa8 53.
Nc3 Nc6 54. a6 Nb4 55. Nd5 Qd8 56. Nxb4 Qg5+ 57. Kf2 Qd2+ 58. Kf3 Qd1+ 59. Kf2
Qd2+ 60. Kf3 Qd1+ 1/2-1/2

[Event "JUG-Cup qual"]
[Site "Arandjelovac"]
[Date "1991.??.??"]
[Round "5"]
[White "Tosic, Miroslav"]
[Black "Paunovic, Dragan"]
[Result "1/2-1/2"]
[WhiteElo "2455"]
[BlackElo "2455"]
[PlyCount "144"]
[EventDate "1991.??.??"]
[Source "www.chesslib.no"]
[SourceDate "2004.05.04"]

1. d4 Nf6 2. c4 g6 3. Nc3 Bg7 4. e4 d6 5. Be2 O-O 6. Nf3 e5 7. O-O Nc6 8. d5
Ne7 9. Ne1 Nd7 10. f3 f5 11. g4 Kh8 12. Nd3 h6 13. Be3 fxg4 14. fxg4 Rxf1+ 15.
Qxf1 g5 16. h4 Ng6 17. hxg5 hxg5 18. Qf7 Ndf8 19. Kf2 Nh4 20. Rh1 Nh7 21. c5
Bd7 22. cxd6 cxd6 23. Kg3 Bf6 24. Ne1 Qe7 25. Qxe7 Bxe7 26. Nf3 Nxf3 27. Bxf3
a6 28. Rc1 Rc8 29. Nd1 Bd8 30. Rxc8 Bxc8 31. Bd2 Kg7 32. Ne3 Nf6 33. Bb4 Bc7
34. a4 Bd7 35. b3 Ne8 36. Be2 Kf6 37. Bd3 Bb6 38. Nc4 Bc5 39. Ba5 Ke7 40. Bd2
Kf6 41. Na5 Bc8 42. b4 Bd4 43. b5 axb5 44. Bxb5 Nc7 45. Bb4 Nxb5 46. axb5 Bd7
47. Nxb7 Bxb5 48. Nxd6 Ba4 49. Nf5 Bb6 50. Be7+ Kg6 51. d6 Bc6 52. Kf3 Bb5 53.
Bf8 Kf7 54. Be7 Kg6 55. Ng3 Bc5 56. Ne2 Bb4 57. Bf8 Ba5 58. Be7 Bb4 59. Ng1 Bd2
60. Kf2 Bf4 61. Nf3 Kf7 62. Bxg5 Bxg5 63. Nxg5+ Kf6 64. Nf3 Ke6 65. Kg3 Kxd6
66. Kh4 Bc6 67. Nd2 Kc5 68. Kg5 Kd4 69. Kf6 Ke3 70. Nc4+ Kf4 71. Nxe5 Bxe4 72.
g5 Bb1 1/2-1/2

[Event "Katowice Open"]
[Site "Katowice POL"]
[Date "1991.??.??"]
[Round "10"]
[White "Namgilov, Sogto"]
[Black "Kalinin, Alexander"]
[Result "1/2-1/2"]
[WhiteElo "2445"]
[BlackElo "2360"]
[PlyCount "64"]
[EventDate "1991.??.??"]
[Source "www.chesslib.no"]
[SourceDate "2004.05.04"]

1. Nf3 Nf6 2. c4 g6 3. Nc3 Bg7 4. e4 d6 5. d4 O-O 6. Be2 e5 7. O-O Nc6 8. d5
Ne7 9. Ne1 Nd7 10. f3 f5 11. g4 Kh8 12. Bg5 Bf6 13. Be3 Ng8 14. Nd3 Bg5 15. f4
exf4 16. Nxf4 Ne5 17. gxf5 gxf5 18. Kh1 Nh6 19. Qd2 Rg8 20. Ne6 Bxe6 21. dxe6
f4 22. Bxf4 Bxf4 23. Qxf4 Rg6 24. Rg1 Rxe6 25. Raf1 c6 26. Bh5 Qe7 27. Ne2 Nd7
28. Qe3 Rf6 29. Rxf6 Qxf6 30. Bg6 Rg8 31. Bh5 Rxg1+ 32. Nxg1 c5 1/2-1/2

[Event "Kecskemet1"]
[Site "?"]
[Date "1991.??.??"]
[Round "9"]
[White "Volke Karsten"]
[Black "Farago Sandor"]
[Result "1/2-1/2"]
[WhiteElo "2395"]
[BlackElo "2410"]
[PlyCount "122"]
[EventDate "1991.??.??"]
[Source "www.chesslib.no"]
[SourceDate "2004.05.04"]

1. d4 Nf6 2. c4 g6 3. Nc3 Bg7 4. e4 d6 5. Nf3 O-O 6. Be2 e5 7. O-O Nc6 8. d5
Ne7 9. Ne1 Nd7 10. f3 f5 11. g4 c5 12. Ng2 f4 13. h4 Nf6 14. a3 a6 15. b4 cxb4
16. axb4 b6 17. Bd2 Nd7 18. Be1 Kh8 19. Bf2 Ng8 20. Na4 Ngf6 21. c5 bxc5 22.
bxc5 dxc5 23. Nxc5 Nxc5 24. Bxc5 Rf7 25. Qa4 Bf8 26. Bxf8 Qxf8 27. Qa3 Qd8 28.
Qc3 Qd6 29. Rac1 Bd7 30. Qc5 Qb8 31. Rb1 Qe8 32. Bd3 a5 33. Bb5 a4 34. Bxd7
Nxd7 35. Qc3 Rc8 36. Qa3 Nc5 37. Rfc1 Rfc7 38. Rc4 Nb3 39. Rxc7 Rxc7 40. Rxb3
axb3 41. Qxb3 Qe7 42. Kh2 Kg7 43. Qb2 Kf7 44. Kh3 h5 45. g5 Rc4 46. Kh2 Qc7 47.
Qa2 Rc2 48. Qa6 Qe7 49. Qd3 Rc1 50. Qa6 Qc5 51. Qf6+ Ke8 52. Qxe5+ Kd7 53. Qxf4
Qg1+ 54. Kh3 Qh1+ 55. Kg3 Rc2 56. Qf7+ Kd8 57. Qf6+ Kd7 58. Qe6+ Kd8 59. Qd6+
Kc8 60. Qa6+ Kd8 61. Qd6+ Kc8 1/2-1/2

[Event "Magyar Nyilt Rapid B"]
[Site "HUN"]
[Date "1991.??.??"]
[Round "2"]
[White "Pinter, Jozsef"]
[Black "Tibensky, Robert"]
[Result "1-0"]
[WhiteElo "2565"]
[BlackElo "2385"]
[PlyCount "85"]
[EventDate "1991.??.??"]
[Source "www.chesslib.no"]
[SourceDate "2004.05.04"]

1. d4 Nf6 2. c4 g6 3. Nc3 Bg7 4. e4 d6 5. Be2 O-O 6. Nf3 e5 7. O-O Nc6 8. d5
Ne7 9. Ne1 Nd7 10. f3 f5 11. g4 Nf6 12. Nd3 f4 13. h4 h5 14. g5 Nh7 15. Rf2 Rf7
16. Bd2 Kh8 17. Be1 Ng8 18. Rg2 Bh3 19. Rh2 Bd7 20. Bf2 Nxg5 21. hxg5 Qxg5+ 22.
Kh1 Bf8 23. Qb3 b6 24. Nb5 Qd8 25. Rg1 Rg7 26. Qc3 Kh7 27. Nxe5 dxe5 28. Qxe5
Bxb5 29. cxb5 Qd6 30. Qc3 Re7 31. Bd3 Re5 32. Rc1 Re7 33. Qc6 Rae8 34. Rxh5+
Bh6 35. e5 Rxe5 36. Rxe5 Rxe5 37. Qxc7+ Qxc7 38. Rxc7+ Bg7 39. Bd4 Re7 40. d6
Rxc7 41. dxc7 Ne7 42. Bxg7 Kxg7 43. Bf1 1-0

[Event "Bad Wildbad"]
[Site "Bad Wildbad"]
[Date "1990.??.??"]
[Round "8"]
[White "Hauchard, Arnaud"]
[Black "Stangl, Markus"]
[Result "1-0"]
[WhiteElo "2425"]
[BlackElo "2435"]
[PlyCount "111"]
[EventDate "1990.11.??"]
[Source "ChessBase"]

1. d4 g6 2. e4 Bg7 3. c4 d6 4. Nc3 Nf6 5. Nf3 O-O 6. Be2 e5 7. O-O Nc6 8. d5
Ne7 9. Ne1 Nd7 10. f3 f5 11. g4 Kh8 12. Be3 Ng8 13. Qd2 Rf7 14. h3 Qh4 15. Kh2
Bh6 16. Bxh6 Qxh6 17. Qxh6 Nxh6 18. Nd3 Re7 19. b4 Nf7 20. c5 Nf6 21. c6 bxc6
22. dxc6 Be6 23. b5 Bc4 24. Nb4 Bxe2 25. Nxe2 Ng5 26. h4 Ne6 27. gxf5 gxf5 28.
exf5 Nd4 29. Nxd4 exd4 30. Rae1 Re3 31. Nc2 Rd3 32. Rd1 Rc3 33. Nxd4 a6 34. b6
cxb6 35. Rc1 Rc5 36. Ne6 Rxf5 37. c7 Rc8 38. Rc6 Ne8 39. Rxb6 Rb5 40. Rb1 Nxc7
41. R1xb5 Nxb5 42. a4 Nc3 43. a5 d5 44. Rxa6 Kg8 45. Ra7 Re8 46. Nd4 Ne2 47.
Nc6 d4 48. a6 d3 49. Rd7 Ra8 50. a7 Nc1 51. Kg2 Kf8 52. Kf2 Ke8 53. Rd5 Kf7 54.
Ke3 Re8+ 55. Kd2 Nb3+ 56. Kxd3 1-0

[Event "Novi Sad ol (Men)"]
[Site "Novi Sad YUG"]
[Date "1990.??.??"]
[Round "7"]
[White "Arlandi, Ennio"]
[Black "Ghinda, Mihail-Viorel"]
[Result "1/2-1/2"]
[WhiteElo "2400"]
[BlackElo "2465"]
[PlyCount "44"]
[EventDate "1990.11.??"]
[Source "www.chesslib.no"]
[SourceDate "2004.05.04"]

1. d4 Nf6 2. c4 g6 3. Nc3 Bg7 4. e4 d6 5. Nf3 O-O 6. Be2 e5 7. O-O Nc6 8. d5
Ne7 9. Ne1 Nd7 10. f3 f5 11. g4 Kh8 12. Be3 Ng8 13. Nd3 Bh6 14. Bf2 Bg5 15. Qe1
fxg4 16. fxg4 Nh6 17. h3 a5 18. c5 dxc5 19. Nxc5 Nxc5 20. Bxc5 Rxf1+ 21. Bxf1
Nf7 22. a4 Bd7 1/2-1/2

[Event "Biel Open"]
[Site "Biel SUI"]
[Date "1990.??.??"]
[Round "11"]
[White "Arlandi, Ennio"]
[Black "Sznapik, Aleksander"]
[Result "1/2-1/2"]
[WhiteElo "2400"]
[BlackElo "2455"]
[PlyCount "89"]
[EventDate "1990.07.??"]
[Source "www.chesslib.no"]
[SourceDate "2004.05.04"]

1. d4 Nf6 2. c4 g6 3. Nc3 Bg7 4. e4 d6 5. Nf3 O-O 6. Be2 e5 7. O-O Nc6 8. d5
Ne7 9. Ne1 Nd7 10. f3 f5 11. g4 Nf6 12. Be3 Kh8 13. h3 c6 14. b4 a5 15. a3 h6
16. Rc1 axb4 17. axb4 fxg4 18. hxg4 cxd5 19. cxd5 g5 20. Nb5 Ne8 21. Na7 Bd7
22. Ng2 Ng6 23. Bb5 Nf4 24. Bxd7 Qxd7 25. Bb6 Bf6 26. Nxf4 gxf4 27. Kg2 Bd8 28.
Bf2 Rg8 29. Rh1 Rg6 30. b5 Nf6 31. b6 Kg8 32. Kf1 h5 33. gxh5 Rg5 34. Ke2 Nxh5
35. Kd3 Ng3 36. Rh6 Nxe4 37. fxe4 Bxb6 38. Qh1 Bxf2 39. Rh8+ Kf7 40. Qh7+ Rg7
41. Qh5+ Ke7 42. Rxa8 Bxa7 43. Qh4+ Kf7 44. Qh5+ Ke7 45. Qh4+ 1/2-1/2

[Event "URS-Trade Union"]
[Site "Kherson UKR"]
[Date "1990.??.??"]
[Round "?"]
[White "Temirbaev, Serik"]
[Black "Guseinov, Aidyn"]
[Result "1/2-1/2"]
[WhiteElo "2390"]
[BlackElo "2375"]
[PlyCount "56"]
[EventDate "1990.??.??"]
[Source "www.chesslib.no"]
[SourceDate "2004.05.04"]

1. d4 Nf6 2. c4 g6 3. Nc3 Bg7 4. e4 d6 5. Be2 O-O 6. Nf3 e5 7. O-O Nc6 8. d5
Ne7 9. Ne1 Nd7 10. f3 f5 11. g4 Kh8 12. Ng2 Ng8 13. h4 Rf7 14. Be3 Bf6 15. Bf2
fxg4 16. fxg4 Qf8 17. Be3 Bd8 18. Rxf7 Qxf7 19. g5 Qe7 20. Qe1 c6 21. h5 Bb6
22. Qh4 h6 23. Bxb6 axb6 24. gxh6 g5 25. Qg3 Nxh6 26. Rf1 Nc5 27. Kh2 Bd7 28.
Bd1 b5 1/2-1/2

[Event "Utasellato IM-A"]
[Site "Budapest HUN"]
[Date "1990.??.??"]
[Round "8"]
[White "Orso, Miklos"]
[Black "Sinkovics, Peter"]
[Result "1/2-1/2"]
[WhiteElo "2390"]
[BlackElo "2360"]
[PlyCount "29"]
[EventDate "1990.??.??"]
[Source "www.chesslib.no"]
[SourceDate "2004.05.04"]

1. d4 Nf6 2. c4 g6 3. Nc3 Bg7 4. e4 d6 5. Nf3 O-O 6. Be2 e5 7. O-O Nc6 8. d5
Ne7 9. Ne1 Nd7 10. f3 f5 11. g4 Kh8 12. Be3 Ng8 13. Qd2 f4 14. Bf2 Bf6 15. Kg2
1/2-1/2

[Event "Bundesliga 8990"]
[Site "Germany"]
[Date "1990.??.??"]
[Round "?"]
[White "Fahnenschmidt, Gerhard"]
[Black "Reefschlaeger, Helmut"]
[Result "1/2-1/2"]
[WhiteElo "2405"]
[BlackElo "2395"]
[PlyCount "39"]
[EventDate "1989.10.??"]
[Source "ChessBase"]
[SourceDate "1999.07.01"]

1. d4 Nf6 2. c4 g6 3. Nc3 Bg7 4. e4 d6 5. Nf3 O-O 6. Be2 e5 7. O-O Nc6 8. d5
Ne7 9. Ne1 Nd7 10. f3 f5 11. g4 Nf6 12. Be3 c5 13. a3 h5 14. g5 Nh7 15. h4 f4
16. Bd2 Kh8 17. Rf2 Rg8 18. Bf1 a6 19. Rh2 Bd7 20. a4 1/2-1/2

[Event "Bundesliga 8990"]
[Site "Germany"]
[Date "1990.??.??"]
[Round "?"]
[White "Rother, Christoph"]
[Black "Lau, Ralf"]
[Result "0-1"]
[WhiteElo "2360"]
[BlackElo "2470"]
[PlyCount "122"]
[EventDate "1989.10.??"]
[Source "ChessBase"]
[SourceDate "1999.07.01"]

1. e4 d6 2. d4 g6 3. c4 Bg7 4. Nc3 Nf6 5. Be2 O-O 6. Nf3 e5 7. O-O Nc6 8. d5
Ne7 9. Ne1 Nd7 10. g4 f5 11. f3 Kh8 12. Be3 Ng8 13. b4 fxg4 14. fxg4 Rxf1+ 15.
Kxf1 Bh6 16. Bxh6 Nxh6 17. Ng2 a5 18. a3 Kg7 19. Rc1 Nf7 20. Qe1 Nf6 21. Qh4
axb4 22. axb4 Nxg4 23. Qxd8 Nxd8 24. Nb5 Nf6 25. Nxc7 Ra4 26. c5 dxc5 27. bxc5
Nxe4 28. c6 bxc6 29. dxc6 Nd2+ 30. Kf2 Nb3 31. Rc3 Nd4 32. Ne8+ Kf8 33. Nd6 Ra2
34. Re3 Nxe2 35. c7 Nd4+ 36. Kg1 N8e6 37. Nxc8 Nxc7 38. Ne1 Re2 39. Rxe2 Nxe2+
40. Kf2 Nd4 41. Nd3 Nc6 42. Kf3 Kf7 43. Nc5 Ne8 44. Ke3 Ne7 45. Nb6 Nd6 46. Kf3
Kf6 47. Nbd7+ Kf5 48. Nf8 h5 49. Nfe6 e4+ 50. Kg2 Ke5 51. Ng5 Kd4 52. Nce6+ Ke3
53. Kh3 Kf2 54. Nf4 e3 55. Nge6 e2 56. Nxe2 Kxe2 57. Nf4+ Ke3 58. Nxh5 Kf3 59.
Ng7 Nef5 60. Ne6 Ne4 61. Nd4+ Nxd4 0-1

[Event "Sagua la Grande"]
[Site "Sagua la Grande"]
[Date "1989.??.??"]
[Round "10"]
[White "Ortega, Lexy"]
[Black "Estevez, Guillermo"]
[Result "1/2-1/2"]
[WhiteElo "2400"]
[BlackElo "2405"]
[PlyCount "23"]
[EventDate "1989.??.??"]
[Source "www.chesslib.no"]
[SourceDate "2004.05.04"]

1. d4 Nf6 2. c4 g6 3. Nc3 Bg7 4. e4 d6 5. Nf3 O-O 6. Be2 e5 7. O-O Nc6 8. d5
Ne7 9. Ne1 Nd7 10. f3 f5 11. g4 fxg4 12. fxg4 1/2-1/2

[Event "Wuerzburg Open"]
[Site "Wuerzburg"]
[Date "1989.??.??"]
[Round "?"]
[White "Ruf, Matthias"]
[Black "Klundt, Klaus"]
[Result "0-1"]
[WhiteElo "2390"]
[BlackElo "2395"]
[PlyCount "110"]
[EventDate "1989.??.??"]
[Source "www.chesslib.no"]
[SourceDate "2004.05.04"]

1. d4 Nf6 2. c4 g6 3. Nc3 Bg7 4. e4 O-O 5. Nf3 d6 6. Be2 e5 7. O-O Nc6 8. d5
Ne7 9. Ne1 Nd7 10. f3 f5 11. g4 Kh8 12. Ng2 Nf6 13. Be3 c6 14. h3 a6 15. a3
cxd5 16. cxd5 b5 17. Rc1 Bd7 18. Bd3 Rb8 19. Nb1 Nc8 20. Nd2 Nb6 21. Qe2 Rf7
22. Rc2 Be8 23. Rfc1 Rfb7 24. b4 Nc4 25. Nxc4 bxc4 26. Bxc4 a5 27. Bd2 axb4 28.
axb4 h5 29. g5 Nh7 30. h4 fxe4 31. fxe4 Bd7 32. Rb2 Nf8 33. Ne3 Qb6 34. Kg2 Qd4
35. Nd1 Bg4 36. Qe3 Rf7 37. Qxd4 exd4 38. Nf2 Bf3+ 39. Kg1 Nd7 40. Bf1 Be5 41.
Bh3 Bg3 42. Be6 Rg7 43. Nh1 Bxh4 44. Bf4 Ne5 45. Rh2 Nd3 46. Bxd6 Bxg5 47. Rh3
Be3+ 48. Kh2 Bxe4 49. Ng3 Ra8 50. Nxe4 Ra2+ 51. Kh1 Nxc1 52. Be5 Nd3 53. Rf3
Nxe5 54. Rf8+ Kh7 55. Nf6+ Kh6 0-1

[Event "Haringey"]
[Site "London ENG"]
[Date "1988.??.??"]
[Round "?"]
[White "Lukacs, Peter"]
[Black "Gallagher, Joseph G"]
[Result "0-1"]
[WhiteElo "2490"]
[BlackElo "2445"]
[PlyCount "124"]
[EventDate "1988.07.??"]
[Source "www.chesslib.no"]
[SourceDate "2004.05.04"]

1. d4 Nf6 2. c4 g6 3. Nc3 Bg7 4. e4 d6 5. Nf3 O-O 6. Be2 e5 7. O-O Nc6 8. d5
Ne7 9. Ne1 Nd7 10. f3 f5 11. g4 Kh8 12. Be3 Ng8 13. Qd2 a6 14. Ng2 Rf7 15. b4
f4 16. Bf2 h5 17. h3 hxg4 18. hxg4 Bf6 19. Rfc1 Rh7 20. Kf1 Rh1+ 21. Bg1 Bg5
22. Nd1 Ndf6 23. Nf2 Rh7 24. Qc3 Nh6 25. c5 Rf7 26. Rc2 Qf8 27. Ne1 Bh4 28.
Ned3 Bd7 29. Rac1 Re8 30. cxd6 cxd6 31. Qb2 Bg5 32. Rc7 Nfxg4 33. fxg4 f3 34.
Bd1 Bxc1 35. Qxc1 Rc8 36. Rxc8 Bxc8 37. Qg5 Kg7 38. Bh2 Qe8 39. Ke1 Bd7 40. Qh4
Bb5 41. g5 Ng8 42. Kd2 a5 43. a3 axb4 44. axb4 Qa8 45. Qg3 Qa2+ 46. Ke1 Bxd3
47. Nxd3 Qc4 48. Nf2 Qxb4+ 49. Kf1 Qc4+ 50. Kg1 Qc1 51. Kh1 b5 52. Bg1 b4 53.
Bxf3 b3 54. Nd1 b2 55. Nxb2 Qxb2 56. Bf2 Qc3 57. Kg2 Qd2 58. Qh4 Qd3 59. Qh3
Ne7 60. Qg3 Rf4 61. Qh3 Rxe4 62. Qd7 Rf4 0-1

[Event "Oakham YM"]
[Site "Oakham ENG"]
[Date "1988.??.??"]
[Round "?"]
[White "Conquest, Stuart"]
[Black "Howell, James C"]
[Result "0-1"]
[WhiteElo "2445"]
[BlackElo "2380"]
[PlyCount "80"]
[EventDate "1988.03.??"]
[Source "www.chesslib.no"]
[SourceDate "2004.05.04"]

1. Nf3 Nf6 2. c4 g6 3. Nc3 Bg7 4. e4 O-O 5. d4 d6 6. Be2 e5 7. O-O Nc6 8. d5
Ne7 9. Ne1 Nd7 10. f3 f5 11. g4 Kh8 12. Ng2 Ng8 13. h4 Bh6 14. Bxh6 Nxh6 15.
exf5 gxf5 16. g5 Ng8 17. f4 a5 18. Qd2 Nc5 19. Rae1 Bd7 20. Bd1 Qe7 21. Qe3 e4
22. b3 Qg7 23. Re2 a4 24. Bc2 axb3 25. axb3 Ra3 26. Rb1 Ne7 27. Qd2 Rfa8 28.
Re3 Be8 29. Kh2 h6 30. Rg3 Kh7 31. gxh6 Qxh6 32. Qd4 Bh5 33. Rg1 Bf3 34. Bd1
Rg8 35. Rxg8 Nxg8 36. Qf2 Nf6 37. Bxf3 exf3 38. Qxf3 Ng4+ 39. Kh1 Rxb3 40. Re1
Qf6 0-1

[Event "Tel Aviv"]
[Site "Tel Aviv"]
[Date "1988.??.??"]
[Round "?"]
[White "Shrentzel, Israel"]
[Black "Gallagher, Joseph G"]
[Result "0-1"]
[WhiteElo "2385"]
[BlackElo "2480"]
[PlyCount "132"]
[EventDate "1988.03.??"]
[Source "ChessBase"]

1. d4 Nf6 2. c4 g6 3. Nc3 Bg7 4. e4 d6 5. Be2 O-O 6. Nf3 e5 7. O-O Nc6 8. d5
Ne7 9. Ne1 Nd7 10. f3 f5 11. g4 Kh8 12. Be3 Ng8 13. Qd2 a6 14. Ng2 Rf7 15. h3
f4 16. Bf2 h5 17. Kh2 hxg4 18. hxg4 Bf6 19. Rh1 Rh7+ 20. Kg1 Qe7 21. Rxh7+ Qxh7
22. b4 Be7 23. Rc1 Ndf6 24. Ne1 Bd7 25. Kg2 Qh6 26. Qd1 Qg5 27. Kf1 Rf8 28. Nd3
Rf7 29. Kg2 Rh7 30. Qg1 Nh6 31. Kf1 Nhxg4 32. fxg4 Nxg4 33. Bxg4 Bxg4 34. Ke1
Rh3 35. Kd2 Qh5 36. Qe1 Bf3 37. Kc2 g5 38. Bg1 g4 39. Qd2 Qg6 40. Re1 Bh4 41.
c5 Bxe1 42. Qxe1 g3 43. cxd6 cxd6 44. Qf1 Qh5 45. Nxf4 exf4 46. Bd4+ Kh7 47.
Qc4 Rh2+ 48. Kb3 Qf7 49. Qd3 Bg4 50. e5+ Bf5 51. Qf3 dxe5 52. Bxe5 Rf2 53. Qh1+
Kg6 54. Qh4 Bd7 55. Ka3 Rh2 56. Qd8 Kf5 57. Qc7 Rc2 58. Qc4 Kg4 59. Kb3 g2 60.
Qd4 Rd2 61. Qxd2 g1=Q 62. Bxf4 Qe7 63. Bh6 Qe5 64. a3 Bb5 65. a4 Bd7 66. Ka3
Qge1 0-1

[Event "Hoogovens-B"]
[Site "Wijk aan Zee NED"]
[Date "1988.01.??"]
[Round "6"]
[White "Lukacs, Peter"]
[Black "Nijboer, Friso"]
[Result "1/2-1/2"]
[WhiteElo "2490"]
[BlackElo "2375"]
[PlyCount "53"]
[EventDate "1988.01.??"]
[Source "www.chesslib.no"]
[SourceDate "2004.05.04"]

1. d4 Nf6 2. c4 g6 3. Nc3 Bg7 4. e4 d6 5. Nf3 O-O 6. Be2 e5 7. O-O Nc6 8. d5
Ne7 9. Ne1 Nd7 10. f3 f5 11. g4 Kh8 12. Be3 a6 13. Nd3 Ng8 14. Qd2 Qh4 15. Bf2
Bh6 16. f4 Qe7 17. g5 fxe4 18. Nxe5 Bg7 19. Nxd7 Bxd7 20. Rfe1 Rae8 21. Bf1 Qf7
22. Bg3 h5 23. h4 e3 24. Rxe3 Rxe3 25. Qxe3 Ne7 26. Qd2 c5 27. dxc6 1/2-1/2